Страны, граничившие с СССР - Statistics

General Stats
  • This quiz has been taken 4 191 times
  • The average score is 15 of 25
Answer Stats
Года Answer % Correct
1922-1939; 1945-1991 Польша
95%
1922-1991 Китай
94%
1939-1945 Германия
89%
1922-1991 Финляндия
89%
1922-1991 Монголия
85%
1922-1991 Румыния
81%
1922-1991 Турция
79%
1922-1991 Иран
76%
1922-1991 Афганистан
75%
1945-1991 Норвегия
74%
1922-1945 Япония
73%
1922-1940 Латвия
66%
1939-1940 Литва
66%
1939-1991 Венгрия
65%
1945-1955 США
65%
1922-1940 Эстония
65%
1945-1991 Чехословакия
59%
1948-1991 Северная Корея
53%
1945-1955 Франция
48%
1945-1955 Великобритания
36%
1922-1944 Тува
19%
1933-1934; 1944-1949 Восточный Туркестан
6%
1932-1945 Маньчжоу-го
5%
1922-1924 Бухара
4%
1922-1924 Хива
3%
No matching quizzes found
Score Distribution
Percent of People with Each Score
Percentile by Number Answered
Your Score History
You have not taken this quiz